000 00329nam a2200157Ia 4500
003 0STCL
008 150530s9999 xx 000 0 und d
040 _aSTCL
_cSTCL
100 _aSt. John Ervine
245 _aParnell
260 _c1928
546 _aEnglish
942 _2ddc
_cBK
999 _c69044
_d69044
005 20220125171410.0